000 00301nam a2200133 i 4500
001 bg
100 1 _aLEJA, Leon
245 0 _aTechniczne środki dydaktyczne /
_cLeon Leja.
260 _aWarszawa,
_c1978.
040 _cBPK
041 _apol
942 _cKS
008 s pl f |000 0 pol
999 _c9675
_d9675
856 _uhttp://koha.tu.koszalin.pl/cgi-bin/koha/opac-detail.pl?biblionumber=9675
_yKatalog online BPK